<?xml version="1.0" encoding="UTF-8"?><?xml-stylesheet type="text/xsl" href="static/style.xsl"?><OAI-PMH xmlns="http://www.openarchives.org/OAI/2.0/" xmlns:xsi="http://www.w3.org/2001/XMLSchema-instance" xsi:schemaLocation="http://www.openarchives.org/OAI/2.0/ http://www.openarchives.org/OAI/2.0/OAI-PMH.xsd"><responseDate>2026-06-05T04:04:16Z</responseDate><request verb="GetRecord" identifier="oai:riuma.uma.es:10630/18373" metadataPrefix="marc">https://riuma.uma.es/rest/oai/request</request><GetRecord><record><header><identifier>oai:riuma.uma.es:10630/18373</identifier><datestamp>2026-02-03T11:51:28Z</datestamp><setSpec>com_10630_2254</setSpec><setSpec>col_10630_37959</setSpec></header><metadata><record xmlns="http://www.loc.gov/MARC21/slim" xmlns:dcterms="http://purl.org/dc/terms/" xmlns:doc="http://www.lyncode.com/xoai" xmlns:xsi="http://www.w3.org/2001/XMLSchema-instance" xsi:schemaLocation="http://www.loc.gov/MARC21/slim http://www.loc.gov/standards/marcxml/schema/MARC21slim.xsd">
   <leader>00925njm 22002777a 4500</leader>
   <datafield ind2=" " ind1=" " tag="042">
      <subfield code="a">dc</subfield>
   </datafield>
   <datafield ind2=" " ind1=" " tag="720">
      <subfield code="a">González Sánchez, Erika</subfield>
      <subfield code="e">author</subfield>
   </datafield>
   <datafield ind2=" " ind1=" " tag="720">
      <subfield code="a">Acebal, María del Carmen</subfield>
      <subfield code="e">author</subfield>
   </datafield>
   <datafield ind2=" " ind1=" " tag="720">
      <subfield code="a">Brero-Peinado, Vito Battista</subfield>
      <subfield code="e">author</subfield>
   </datafield>
   <datafield ind2=" " ind1=" " tag="260">
      <subfield code="c">2017</subfield>
   </datafield>
   <datafield ind2=" " ind1=" " tag="520">
      <subfield code="a">El presente trabajo describe, en primer lugar, el diseño y puesta en práctica de una actividad de juego de rol y dramatización dirigida al desarrollo de la competen-cia científica en alumnado de segundo curso de educación secundaria. En segundo lu-gar, se centra en la evaluación de su contribución a la competencia científica a través del análisis de la información cualitativa aportada por cuestionarios que recogen las opiniones y experiencias del alumnado participante. Finalmente, presenta algunos resul-tados preliminares, los cuales parecen indicar que la actividad propuesta constituye una estrategia adecuada para promover aptitudes, actitudes y comportamientos favorables para el desarrollo de la competencia científica en el alumnado de educación secundaria</subfield>
   </datafield>
   <datafield ind1="8" ind2=" " tag="024">
      <subfield code="a">https://hdl.handle.net/10630/18373</subfield>
   </datafield>
   <datafield tag="653" ind2=" " ind1=" ">
      <subfield code="a">Enseñanza secundaria-Metodología</subfield>
   </datafield>
   <datafield tag="653" ind2=" " ind1=" ">
      <subfield code="a">Juegos de rol</subfield>
   </datafield>
   <datafield ind2="0" ind1="0" tag="245">
      <subfield code="a">Contribución del juego de rol al desarrollo de la competencia científica en educación secundaria. Percepciones del alumnado par-ticipante en una experiencia de juego de rol y dramatización sobre energías alternativas</subfield>
   </datafield>
</record>
</metadata></record></GetRecord></OAI-PMH>